2つの市町村に完全に挟まれている市町村 (2000年) - Statistics

General Stats
  • This quiz has been taken 55 times
  • The average score is 9 of 18
Answer Stats
都道府県 隣接市区町村 市町村名 % Correct
東京都 あきる野市・青梅市 日の出町
72%
千葉県 千葉市・佐倉市 四街道市
72%
京都府 京都市・長岡京市 向日市
66%
北海道 士別市・和寒町 剣淵町
64%
岡山県 岡山市・倉敷市 早島町
64%
埼玉県 川口市・東京都足立区 鳩ケ谷市
57%
大阪府 貝塚市・泉佐野市 熊取町
55%
北海道 旭川市・和寒町 鷹栖町
53%
兵庫県 姫路市・龍野市 太子町
53%
岐阜県 関市・美濃加茂市 富加町
47%
兵庫県 豊岡市・竹野町 城崎町
47%
埼玉県 熊谷市・行田市 南河原村
34%
愛知県 名古屋市・新川町 西枇杷島町
32%
山口県 岩国市・周東町 玖珂町
32%
広島県 福山市・岡山県井原市 神辺町
30%
三重県 伊勢市・小俣町 御薗村
28%
山梨県 韮崎市・須玉町 明野村
26%
広島県 油木町・岡山県備中町 豊松村
21%
No matching quizzes found
Score Distribution
Percent of People with Each Score
Percentile by Number Answered
Your Score History
You have not taken this quiz